Sword and Wig : Memories of Lord Justice.

Сохранить в:
Библиографические подробности
Главный автор: Dunn, Robin
Формат:
Опубликовано: New Delhi : Universial Law Pub. Co., c1993.
Предметы:
Метки: Добавить метку
Нет меток, Требуется 1-ая метка записи!

MARC

LEADER 00000nam a2200000 4500
005 20251006120737.0
020 |a 8175340576  |c TZS 18,685.80 
040 |a MCCL  |b eng.   |e AACR 2nd rev. ed. 
082 |a 340.092 DUN 
100 |a Dunn, Robin 
245 |a Sword and Wig :  |c / Iain Campbell  |b Memories of Lord Justice. 
250 |b First Indian Reprint 1997 
260 |a New Delhi :   |b Universial Law Pub. Co.,  |c c1993. 
300 |a v, 128 p. :   |c 25 cm.  
505 |a Law 
650 |a Law 
650 |a Lawyers 
650 |a Lawyers--Discipline 
942 |c BK 
999 |c 12063  |d 12063